Ο Μπεκτασισμός στη Δ.Θράκη : συμβολή στην ιστορία της διαδόσεως του μουσουλμανισμού στον Ελλαδικό χώρο

Αποθηκεύτηκε σε:
Λεπτομέρειες βιβλιογραφικής εγγραφής
Κύριος συγγραφέας: Ζεγκίνης, Ευστράτιος Χ. (Συγγραφέας)
Μορφή: Βιβλίο
Γλώσσα:Greek
Δημοσίευση: Θεσσαλονίκη : Institut for Balkan Studies, 1996
Έκδοση:2η έκδ.
Θέματα:
Ετικέτες: Προσθήκη ετικέτας
Δεν υπάρχουν, Καταχωρήστε ετικέτα πρώτοι!

MARC

LEADER 00000cam a2200000 i 4500
001 1/3481
008 000521s1996 gr | ||| |||| ||gre||
020 |a 9607387112 
035 |l 10060812 
040 |a GR-MY-UA  |b gre  |e aacr 
041 0 |a gre 
082 0 |a 297.83 
100 1 |a Ζεγκίνης, Ευστράτιος Χ.  |4 aut 
245 1 2 |a Ο Μπεκτασισμός στη Δ.Θράκη :  |b συμβολή στην ιστορία της διαδόσεως του μουσουλμανισμού στον Ελλαδικό χώρο /  |c Ευστρατίου Χ. Ζεγκίνη 
250 |a 2η έκδ. 
260 |a Θεσσαλονίκη :   |b Institut for Balkan Studies,   |c 1996 
300 |a 313 σ.;  |b εικ.;  |c 24 εκ. 
500 |a Φωτοανατύπωση της Α' εκδόσεως (1988) 
650 0 0 |a Islamic sects. 
650 0 0 |a Bektashi  |z Greece  |z Thrace, Western  |x History. 
651 0 |a Thrace, Western (Greece)  |x Religion. 
852 |a INST  |b LESVOS  |e 20000521  |h 297.83 ΖΕΓ  |p 005100023994  |q 005100023994  |t BK  |y 0 
901 |a BIBL1-2000-2 
909 |a Λ  |b 069411 
920 |a ΤMHMA ΚΟINΩΝΙΚΗΣ ΑΝΘΡΩΠΟΛΟΓΙΑΣ  |y Λέσβος  |z 1999-10 
970 |z 2000/05/ΜΙΧΑΗΛΙΔΟΥ ΑΝΝΑ